| 000 | 01018nam a2200229 4500 | ||
|---|---|---|---|
| 005 | 20260211124900.0 | ||
| 008 | 260211b |||||||| |||| 00| 0 eng d | ||
| 020 | _a978881970244 (hbk) | ||
| 037 | _cTB | ||
| 040 |
_aCRL _cCRL |
||
| 041 |
_2hin _ahin |
||
| 084 |
_aO152,1N19w P8 _qCRL |
||
| 100 |
_aमुद्राराक्षस _91115182 |
||
| 245 | _aनेमिचन्द्र जैन | ||
| 260 |
_aनई दिल्ली, भारत: _bराष्ट्रीय नाट्य विद्यालय, _c2008. |
||
| 300 | _a126पृ. | ||
| 365 |
_b125.00 _cINR |
||
| 650 |
_aहिन्दी कविता _91115183 |
||
| 650 |
_aहिन्दी साहित्य _91115184 |
||
| 942 |
_2CC _n0 _cTB _hO152,1N19w P8 |
||
| 999 |
_c1679296 _d1679296 |
||